| 000 | 00470nam a2200181Ia 4500 | ||
|---|---|---|---|
| 003 | GCL | ||
| 008 | 140319s9999 xx 000 0 eng d | ||
| 040 |
_aGCL / _cGCL |
||
| 082 | 0 | 4 |
_a530.81 _bG P |
| 100 | 1 | _aGROHE,WILIAM | |
| 245 | 1 | 0 |
_aPRECISIAN MEASUREMENT AND GAGING TECHNIQVES / _cGROHE,WILIAM |
| 260 |
_a[S.N] : _bCHEMIEAL PUBISING COMPANG,INC ، _c1960 |
||
| 300 | _a222P | ||
| 650 | 0 | 4 | _aMEASUREMENT |
| 650 | 0 | 4 | _aPHYSICS |
| 650 | 0 | 4 | _aGAGE |
| 942 |
_2ddc _cBK |
||
| 999 |
_c11533 _d11533 |
||